Design thinking for strategic Innovation (Record no. 240544)

MARC details
000 -LEADER
fixed length control field 02097nam a22002297a 4500
005 - DATE AND TIME OF LATEST TRANSACTION
control field 20251014094541.0
008 - FIXED-LENGTH DATA ELEMENTS--GENERAL INFORMATION
fixed length control field 251014b |||||||| |||| 00| 0 eng d
020 ## - INTERNATIONAL STANDARD BOOK NUMBER
International Standard Book Number 9781118620120
040 ## - CATALOGING SOURCE
Transcribing agency AL
041 ## - LANGUAGE CODE
Language code of text/sound track or separate title eng
082 ## - DEWEY DECIMAL CLASSIFICATION NUMBER
Classification number 658.4063
Item number MOOD
100 ## - MAIN ENTRY--PERSONAL NAME
Personal name Idris Mootee
100 ## - MAIN ENTRY--PERSONAL NAME
9 (RLIN) 242180
245 ## - TITLE STATEMENT
Title Design thinking for strategic Innovation
260 ## - PUBLICATION, DISTRIBUTION, ETC.
Place of publication, distribution, etc. New Jersey
Name of publisher, distributor, etc. Wiley
Date of publication, distribution, etc. 2013
300 ## - PHYSICAL DESCRIPTION
Extent xi,210p.
Other physical details HB
Dimensions 21x21cm
365 ## - TRADE PRICE
Source of price type code Information Science and Engineering
Price type code ABDI/0818/25
Price amount 26.25
Currency code $
Unit of pricing 35.00
Price note 25%
Price effective from 03-10-2025
520 ## - SUMMARY, ETC.
Summary, etc. A comprehensive playbook for applied design thinking in business and management, complete with concepts and toolkits As many companies have lost confidence in the traditional ways of running a business, design thinking has entered the mix. Design Thinking for Strategic Innovation presents a framework for design thinking that is relevant to business management, marketing, and design strategies and also provides a toolkit to apply concepts for immediate use in everyday work. It explains how design thinking can bring about creative solutions to solve complex business problems. Organized into five sections, this book provides an introduction to the values and applications of design thinking, explains design thinking approaches for eight key challenges that most businesses face, and offers an application framework for these business challenges through exercises, activities, and resources. An essential guide for any business seeking to use design thinking as a problem-solving tool as well as a business method to transform companies and cultures The framework is based on work developed by the author for an executive program in Design Thinking taught in Harvard Graduate School of Design Author Idris Mootee is a management guru and a leading expert on applied design thinking Revolutionize your approach to solving your business's greatest challenges through the power of Design Thinking for Strategic Innovation.
650 ## - SUBJECT ADDED ENTRY--TOPICAL TERM
Topical term or geographic name entry element Business and Strateg
9 (RLIN) 242181
650 ## - SUBJECT ADDED ENTRY--TOPICAL TERM
Topical term or geographic name entry element MBA
9 (RLIN) 242182
650 ## - SUBJECT ADDED ENTRY--TOPICAL TERM
Topical term or geographic name entry element Hiring Design Thinkers
9 (RLIN) 242183
942 ## - ADDED ENTRY ELEMENTS (KOHA)
Source of classification or shelving scheme Dewey Decimal Classification
Koha item type Book
Holdings
Withdrawn status Lost status Source of classification or shelving scheme Damaged status Not for loan Collection code Home library Current library Date acquired Source of acquisition Cost, normal purchase price Total Checkouts Full call number Barcode Date last seen Cost, replacement price Price effective from Koha item type
    Dewey Decimal Classification     Information Science and Engineering St Aloysius Engineering Library St Aloysius Engineering Library 10/14/2025 Academic Book Distributors, Bengaluru-562159 2346.75   658.4063 MOOD SE000029 10/14/2025 3129.00 10/14/2025 Book